| 000 | 01398nam0a2200337 4500 | ||
|---|---|---|---|
| 001 | RU\NLR\bibl\56352 | ||
| 005 | 20250616085907.0 | ||
| 010 |
_a5-89176-047-9 _9500 |
||
| 021 |
_aRU _b99-33282 _91638 |
||
| 035 | _a(NLR Aleph) 000054956 | ||
| 090 |
_a296548 _c296548 |
||
| 100 | _a19991102d1999 |||y0rusy50 ca | ||
| 101 | 0 | _arus | |
| 102 | _aRU | ||
| 105 | _aa ||||||||| | ||
| 200 | 1 |
_aДинамика массивных тел и резонансные явления в деформируемых средах _fВорович И.И., Бабешко В.А., Пряхина О.Д. |
|
| 210 |
_aМ. _cНауч. мир _d1999 |
||
| 215 |
_a246 с. _cил. _d22 |
||
| 320 | _aБиблиогр.: с. 232-242 | ||
| 606 | 0 |
_aСлоистые среды _xДинамические задачи _91632609 _3RU\NLR\auth\661019608 |
|
| 686 | _aВ251.196 | ||
| 700 | 1 |
_aВорович _bИ. И. _gИосиф Израилевич _4070 |
|
| 701 | 1 |
_4070 _7ca _8rus _aБабешко _bВ. А. _f1941- _gВладимир Андреевич _9155906 _3RU\NLR\AUTH\770155945 |
|
| 701 | 1 |
_4070 _7ca _8rus _aПряхина _bО. Д. _f1951- _gОльга Донатовна _9155398 _3RU\NLR\AUTH\770155437 |
|
| 801 | 0 |
_aRU _bNLR _c19991102 _gPSBO |
|
| 801 | 1 |
_aRU _bNLR _c19991102 |
|
| 852 |
_aNLR _j99-5/3365 |
||
| 942 | _cBOOK | ||
| 980 | _aNB | ||